| 000 | 00822cab a2200253 4500 | ||
|---|---|---|---|
| 001 | ABS53459 | ||
| 008 | 090401t1995 xxu||||| |||| 00| 0 eng d | ||
| 035 | _a(Sirsi) u4362 | ||
| 041 | _aeng | ||
| 100 | _aLee, K. | ||
| 245 | _aBringing in the police | ||
| 260 | _c1995 | ||
| 350 | _a0 | ||
| 490 |
_aHA Weekly _v(425) 25 August 1995, 10-12(3) |
||
| 520 | _aS 75 and 76 and parag 53 of Schedule 10 of the Criminal Justice andd Public Order Act 1994 making squatting a criminal offence is a legal means by which property owners can use against squatters to regain control of their premises. | ||
| 650 | _aCRIMINAL JUSTICE AND PUBLIC ORDER ACT 1994 | ||
| 650 | _aCRIMNA OFFENCE | ||
| 650 | _aREPOSSESSION | ||
| 650 | _aSQUATTING | ||
| 650 | _aTRESASSING | ||
| 690 | _aLAW | ||
| 942 | _n0 | ||
| 948 | _c04/03/1997 | ||
| 999 |
_c2618 _d2618 |
||